| 000 | 01389nam a2200421 i 4500 | ||
|---|---|---|---|
| 999 |
_c50808 _d50808 |
||
| 001 | 50808 | ||
| 003 | ES-MaCES | ||
| 005 | 20180626112545.0 | ||
| 008 | 180620s2018 sp 000 | spa d | ||
| 017 |
_aV 408-2018 _bDL |
||
| 020 | _a9788491693970 | ||
| 040 |
_aES-MaCES _bspa _cES-MaCES |
||
| 100 | 1 |
_939014 _aBarrio Andrés, Moisés |
|
| 245 | 0 | 0 |
_aCiberderecho _b: bases estructurales, modelos de regulación e instituciones de gobernanza de internet _cMoisés Barrio Andrés |
| 260 |
_aValencia _bTirant lo Blanch _c2018 |
||
| 300 |
_a163 p. _c22 cm |
||
| 490 | 1 | _aDerecho y TIC's | |
| 504 | _aBibliografía: p. 155-163 | ||
| 541 | 0 | _cCompra | |
| 650 | 4 |
_atecnología de la información _930104 |
|
| 650 | 4 |
_aInternet _930572 |
|
| 650 | 4 |
_ared electrónica _930571 |
|
| 650 | 4 |
_anuevas tecnologías _930788 |
|
| 650 | 4 |
_aelaboración electrónica de datos _928879 |
|
| 650 | 4 |
_aprotección de los datos _929496 |
|
| 650 | 4 |
_apropiedad intelectual _929444 |
|
| 650 | 4 |
_acomercio electrónico _931575 |
|
| 650 | 4 |
_amecanismo de control _929918 |
|
| 650 | 4 |
_aorganización institucional _927196 |
|
| 650 | 4 |
_aderecho _927151 |
|
| 650 | 4 |
_aderecho comunitario _929866 |
|
| 650 | 4 |
_aderecho internacional _926684 |
|
| 650 | 4 |
_arégimen jurídico _929894 |
|
| 653 | 1 | 0 | _aDerecho |
| 830 | 0 |
_939156 _aDerecho y TIC's |
|
| 902 | _aLIB Libro | ||
| 942 |
_2CES _cBK _h6.0. |
||